000 01584nam a22002177a 4500
005 20230624121656.0
008 230624b ||||| |||| 00| 0 eng d
020 _a8185604630
040 _cAL
041 _aeng
082 _223
_a305.51
_bVALJ
100 _aOmprakash Valmiki
_9124795
245 _aJoothan:
_bA Dalits Life
260 _aKolkata
_bMandira Sen
_c2003
300 _axlii,134p.
_bPB
_c21x14cm.
365 _2Sociology
_b185.00
_c
_d185.00
520 _aOmprakash Valmiki describes his life as an untouchable, or Dalit, in the newly independent India of the 1950s. "Joothan" refers to scraps of food left on a plate, destined for the garbage or animals. India's untouchables have been forced to accept and eat joothan for centuries, and the word encapsulates the pain, humiliation, and poverty of a community forced to live at the bottom of India's social pyramid. Although untouchability was abolished in 1949, Dalits continued to face discrimination, economic deprivation, violence, and ridicule. Valmiki shares his heroic struggle to survive a preordained life of perpetual physical and mental persecution and his transformation into a speaking subject under the influence of the great Dalit political leader, B. R. Ambedkar. A document of the long-silenced and long-denied sufferings of the Dalits, Joothan is a major contribution to the archives of Dalit history and a manifesto for the revolutionary transformation of society and human consciousness.
650 _aUntouchable to Dalit
_9124796
700 _aVALMIKI (Omprakash)
_9124797
942 _2ddc
_cDB
999 _c227651
_d227651